000 00518nam a2200181Ia 4500
005 20250326125408.0
008 250326s9999 xx 000 0 und d
037 _aTextbook
040 _aFMSL
_beng
_cFMSL
041 _aeng
_2eng
084 _aX9W L5
_qFMSL
100 _aKirchert P
_9739007
245 0 _aIntroduction to enterprise: systems approach
_cKirchert P; Mason R O
260 _aCalifornia
_bCalifornia, Melville
_c1975
300 _a473p
942 _cTB
_hX9W L5
999 _c1277871
_d1277871